00714cam a22002293a 45000010005000000030006000050050017000110080041000280400015000690420007000840500007000911000029000982450098001272600029002255060030002545160020002846530048003046530035003527000028003878300028004158560041004435557PGUSA20140828083122.0040401s2004||||xxu|||||s|||||000 1 eng d aPGUSAbeng adc 4aPT1 aEbers, Georg,d1837-189810aMargery (Gred) :bA Tale Of Old Nuremberg — Volume 06h[electronic resource] /cGeorg Ebers bProject Gutenberg,c2004 aPublic domain in the USA. aElectronic text aGerman fiction -- Translations into English aNuremberg (Germany) -- Fiction1 aBell, Clara,d1834-1927 0aProject Gutenbergv555740uhttp://www.gutenberg.org/ebooks/5557